000 00577nam a2200193 a 4500
005 20140310183214.0
008 050128s19uu xx 00 eng d
020 _a1559340983
050 _aBF 76.5
_b.C67 1993
100 _aCozby, Paul C.
245 _aMethods in behavioral research /
_cPaul C. Cozby
260 _aLondon :
_bMarfield Publishing Company,
_c1993.
300 _a321 p. :
_bill. ;
_c22 cm.
521 _aPSYCH
650 _aPsychology
_xResearch
_xMethodology.
650 _aSocial Sciences
_xResearch
_xMethodology.
942 _cBK
_2lcc
_kFOR
999 _c20203
_d20203